[Event "SEMI B002 corr"]
[Site "SEMI email"]
[Date "1999.??.??"]
[Round "?"]
[White "Tomassini, Lamberto"]
[Black "Zardetto, Massimo"]
[Result "1-0"]
[WhiteElo "1017"]
[BlackElo "1000"]
[PlyCount "31"]
[EventDate "1999.10.15"]
[EventType "tourn (corr)"]
[EventRounds "6"]
[EventCountry "ITA"]
[SourceTitle "Corr 2002"]
[Source "ChessBase"]
[SourceDate "2002.05.23"]
[SourceVersion "1"]
[SourceVersionDate "2002.05.23"]
[SourceQuality "1"]

1. Nf3 d5 2. b3 c5 3. d3 Nf6 4. Bb2 Nc6 5. e3 e6 6. Nc3 Be7 7. h3 Qa5 8. Qd2 d4 9. Ne2 Qxd2+ 10. Kxd2 e5 11. e4 a5 12. a4 0-0 13. g4 b6 14. Ng3 Be6 15. Be2 Nd7 16. Rag1 1-0

[Event "SEMI B002 corr"]
[Site "SEMI email"]
[Date "1999.??.??"]
[Round "?"]
[White "Zardetto, Massimo"]
[Black "Marcotulli, Giancarlo"]
[Result "0-1"]
[WhiteElo "1000"]
[BlackElo "1600"]
[PlyCount "72"]
[EventDate "1999.10.15"]
[EventType "tourn (corr)"]
[EventRounds "6"]
[EventCountry "ITA"]
[SourceTitle "Corr 2002"]
[Source "ChessBase"]
[SourceDate "2002.05.23"]
[SourceVersion "1"]
[SourceVersionDate "2002.05.23"]
[SourceQuality "1"]

1. f4 d5 2. e3 Nf6 3. b3 Bf5 4. Bb2 e6 5. d3 Bc5 6. d4 Bb4+ 7. c3 Bd6 8. Bd3 Nbd7 9. Bxf5 exf5 10. Nf3 Qe7 11. Ne5 Ne4 12. 0-0 Ndf6 13. Nd3 c6 14. Re1 0-0 15. Nd2 Rfe8 16. Nf3 Ng4 17. h3 Ngf6 18. c4 Bc7 19. c5 Ng3 20. a3 Nfe4 21. b4 Qe6 22. Qc2 Re7 23. a4 Rae8 24. Ba3 a6 25. Nfe5 f6 26. Nf3 Ra8 27. b5 g5 28. b6 Bb8 29. a5 Qf7 30. Nh2 Qh5 31. Nf2 gxf4 32. exf4 Bxf4 33. Nf3 Rae8 34. Bb2 Ng5 35. Rxe7 Nxf3+ 36. gxf3 Rxe7 0-1